| 000 | 00688nam a2200181 4500 | ||
|---|---|---|---|
| 001 | 135829 | ||
| 003 | ES-MaACL | ||
| 005 | 20230906194951.0 | ||
| 007 | t| | ||
| 008 | 070214s1946 fr r ||||1| fre d | ||
| 100 | 1 |
_aRousseau, Jean-Jacques. _9100055 |
|
| 245 | 1 | 4 |
_aLes rêveries du promeneur solitaire / _cJean-Jacques Rousseau ; introduction, notes, glossaire et index par Bernard Groethuysen. |
| 260 |
_aParis : _bAssociation pour la Diffusion de la Pensée Française, _c1946. |
||
| 300 |
_a173 p. ; _c16 cm. |
||
| 700 | 1 |
_aGroethuysen, Bernard. _960114 |
|
| 710 | 0 | 0 |
_aAssociation pour le Diffusión de la Pensée Française ( _cParís) _91832 |
| 852 |
_aES-MaACL _jD-5758 _bR.26191 |
||
| 999 |
_c135829 _d135829 |
||